000 01002nam a2200301Ia 4500
001 9780203102497
003 BD-DhSAU
005 20151012151718.0
006 a|||||s|||||||||||
007 cr||||
008 120813s2013 enkad sbd 000 0 eng d
020 _a9780203102497 (e-book : PDF)
040 _aBD-DhSAU
_cBD-DhSAU
090 _aHB61
_b.R92 2013
092 _a330.03
_bR975
100 1 _aRutherford, Donald,
_d1942-
245 1 0 _aRoutledge dictionary of economics
_h[electronic resource] /
_cDonald Rutherford.
250 _a3rd ed.
260 _aAbingdon, Oxon :
_bRoutledge,
_c2013.
300 _axxvi, 710 p. :
_bill.
504 _aIncludes bibliographical references.
530 _aAlso available in print edition.
538 _aMode of access: World Wide Web.
650 0 _aEconomics
_vDictionaries.
655 7 _aElectronic books.
_2lcsh
776 1 _z9780415600361 (hardback)
_z9780415600385 (pbk.)
856 4 0 _uhttp://www.tandfebooks.com/isbn/9780203102497
999 _c12417
_d12416